| 000 | nam a22 7a 4500 | ||
|---|---|---|---|
| 999 |
_c25218 _d25218 |
||
| 008 | 170131b xxu||||| |||| 00| 0 eng d | ||
| 020 | _a9781308198019 | ||
| 050 | _aQ 161.2 .F37 2015 | ||
| 100 |
_aFarmer, Christa E. _d2015 |
||
| 245 |
_aPhysical science 1010/ _cDr. E. Christa Farmer. |
||
| 260 |
_aUSA: _bMc Graw hill, _c2015. |
||
| 300 |
_aiv, 475p.: _bill.; _c28cm. |
||
| 650 | _aScience. | ||
| 942 |
_2lcc _cBOOKS _hQ 161.2 .F37 2015 |
||